| 000 | 00564cam a22001217a 4500 | ||
|---|---|---|---|
| 008 | 180718b-- xxu||||| |||| 00| 0 eng d | ||
| 082 | _aB7x5421 Ut8l | ||
| 100 | _aUnited Provinces. Local Self-Government Committee | ||
| 245 | _aReport of the Local Self-Government Committee appointed by the United Provinces Government | ||
| 260 |
_aAllahabad _bSuperintendent, Printing and Stationery _c-- |
||
| 300 | _a2 Parts | ||
| 500 | _aContents: Pt. 1. Gaon Panchayats and Town Area Committees, 1941. 101p;Pt. 2. District Board Municipal Boards and Improvement Trusts, 1948. 44p. | ||
| 999 |
_c391520 _d391520 |
||